000
00252nam a2200109 a 4500
005
20140513081051.0
008
020606s19uu xx 00 eng d
050
_a
P 582.13
_b
FLO 2000
245
_a
Flowers.
650
_a
Flowers
_x
Poster
999
_c
116320
_d
116320